| 000 | 00516 a2200181 4500 | ||
|---|---|---|---|
| 999 |
_c8234 _d8234 |
||
| 020 | _a9780582079397 | ||
| 050 | _aQA43 NEW 1985 | ||
| 245 |
_aNew General Mathematics 2: _ba Junior Certificate/ _cJB Channon, A Mcleish Smith, H.C. Head & M.F. Macrae. |
||
| 264 |
_aEssex: _bLongman, _c1985. |
||
| 300 | _avii, 232p. | ||
| 500 | _aincludes index | ||
| 650 | _aMathematics | ||
| 700 | _aChannon, J.B. | ||
| 700 | _aSmith, McLeish A. | ||
| 700 | _aHead, H.C. | ||
| 700 | _aMacrae, M.F | ||
| 942 |
_2lcc _cBK _h43 _iNEW _kQA |
||